| Tag |
First Indicator |
Second Indicator |
Subfields |
| LEADER |
00000cam a22000008a 4500 |
| 001 |
in00001102012 |
| 005 |
20150929190040.0 |
| 008 |
920529s1992 wiu b 000 0 eng |
| 010 |
|
|
|a 92021826
|
| 020 |
|
|
|a 0930599756 (pbk.) :
|c $35.00
|
| 035 |
|
|
|a (OCoLC)26163045
|
| 035 |
|
|
|9 AFS6296AM
|
| 040 |
|
|
|a DLC
|c DLC
|d GZI
|d TXA
|d UtOrBLW
|
| 049 |
|
|
|a TXAM
|
| 050 |
0 |
0 |
|a LC4704.5
|b .M37 1992
|
| 082 |
0 |
0 |
|a 371.91/4
|2 20
|
| 100 |
1 |
|
|a Marquis, M. Ann.
|
| 245 |
1 |
0 |
|a CASE study :
|b communication and self-esteem /
|c M. Ann Marquis, Elaine Addy-Trout.
|
| 263 |
|
|
|a 9208
|
| 264 |
|
1 |
|a Eau Claire, Wis. :
|b Thinking Publications,
|c 1992.
|
| 300 |
|
|
|a viii, 376 pages :
|b illustrations ;
|c 28 cm.
|
| 336 |
|
|
|a text
|b txt
|2 rdacontent
|
| 337 |
|
|
|a unmediated
|b n
|2 rdamedia
|
| 338 |
|
|
|a volume
|b nc
|2 rdacarrier
|
| 504 |
|
|
|a Includes bibliographical references.
|
| 650 |
|
0 |
|a Learning disabled youth
|x Language.
|
| 650 |
|
0 |
|a Communication
|x Study and teaching (Secondary)
|
| 650 |
|
0 |
|a Self-esteem in adolescence.
|
| 650 |
|
0 |
|a Interpersonal relations.
|
| 700 |
1 |
|
|a Addy-Trout, Elaine,
|d 1955-
|
| 999 |
|
|
|a MARS
|
| 999 |
f |
f |
|s 400be491-789a-3496-8b8c-e25aad66f39b
|i 54af6e50-995d-3fb0-9c1d-0abd7ce7bfa4
|t 0
|
| 952 |
f |
f |
|p normal
|a Texas A&M University
|b College Station
|c Sterling C. Evans Library
|d Evans: Library Stacks
|t 0
|e LC4704.5 .M37 1992
|h Library of Congress classification
|i unmediated -- volume
|m A14816352098
|
| 998 |
f |
f |
|a LC4704.5 .M37 1992
|t 0
|l Evans: Library Stacks
|